Państwa z największą ilością ziemi uprawnej - Statystyki

Ogólne statystyki
  • Ten quiz został rozwiązany 8 razy
  • Średni wynik to 14 z 20
Statystyki odpowiedzi
km2 % Państwo % Poprawnych
800 485 9,4 Brazylia
100%
1 238 013 12,9 Chiny
100%
1 765 260 53,7 Indie
100%
519 205 5,2 Kanada
100%
1 265 267 7,4 Rosja
100%
1 681 826 17,1 Stany Zjednoczone
100%
397 598 14,3 Argentyna
86%
242 516 8,9 Kazachstan
86%
197 794 12,0 Iran
71%
259 301 13,2 Meksyk
71%
347 673 57,6 Ukraina
71%
487 695 6,3 Australia
57%
226 617 35,2 Francja
57%
478 055 25,1 Indonezja
57%
412 938 44,7 Nigeria
57%
203 188 39,6 Tajlandia
57%
240 553 30,7 Turcja
57%
180 001 16,3 Etiopia
29%
227 686 28,7 Pakistan
29%
296 289 15,9 Sudan
0%
Nie znaleziono quizów pasujących do podanych kryteriów
Rozkład punktacji
Procent ludzi z każdym wynikiem
Percentyl według liczby udzielonych odpowiedzi
Twoja historia wyników
Nie rozwiązałeś tego quizu